Kapitalismus, Sozialismus und Demokratie

Guardado en:
Detalles Bibliográficos
Autor principal: Schumpeter, Joseph A.
Otros Autores: Preiswerk, Susanne
Formato: Libro
Lenguaje:alemán
Publicado: Tübingen Francke 1993
Edición:7. erw. Aufl.
Colección:Uni-Taschenbücher 172
Materias:
Etiquetas: Agregar Etiqueta
Sin Etiquetas, Sea el primero en etiquetar este registro!

MARC

LEADER 00000nam a2200000 4500
001 c011651
005 20221206074623.9
020 |a 3-8252-0172-4 
041 0 |a ger 
044 |a DE 
245 1 0 |a Kapitalismus, Sozialismus und Demokratie  |c Joseph A. Schumpeter ; [z angl. prel.] Susanne Preiswerk 
250 |a 7. erw. Aufl. 
264 1 |a Tübingen  |b Francke  |c 1993 
300 |a 542 s. 
490 1 |a Uni-Taschenbücher  |v 172 
830 0 |a Uni-Taschenbücher  |v 172 
610 2 0 |a kapitalizmus 
610 2 0 |a socializmus 
610 2 0 |a demokracia 
610 2 0 |a ekonómia politická 
610 2 0 |a politika 
610 2 0 |a centralizmus 
610 2 0 |a analýza ekonomická 
610 2 0 |a spoločnosť kapitalistická 
610 2 0 |a spoločnosť socialistická 
610 2 0 |a Marx, K. 
100 1 |a Schumpeter, Joseph A. 
700 1 |a Preiswerk, Susanne